Anar al contingut

Особенности внутрипочечного кровотока у больных сахарным диабетом 2 типа и артериальной гипертонией в доклинической стадии нефроангиопатии Статья

Guardat en:
Dades bibliogràfiques
Autor principal: Карпов Р.С
Format: Статья
Accés en línia:https://znanium.com/catalog/document?id=198681
https://znanium.com/cover/0482/482239.jpg
Etiquetes: Afegir etiqueta
Sense etiquetes, Sigues el primer a etiquetar aquest registre!
LEADER 01828nam0a2200241 i 4500
001 RU\infra-m\znanium\bibl\482239
003 https://znanium.com/catalog/document?id=198681
005 20200302000000.0
100 |a 20200302d2014 m y0rusy0150 ca 
101 0 |a rus 
102 |a RU 
200 1 |a Особенности внутрипочечного кровотока у больных сахарным диабетом 2 типа и артериальной гипертонией в доклинической стадии нефроангиопатии  |e Статья  |f Национальный медицинский исследовательский центр Кардиологии 
210 1 |a Москва  |c ФГБУ "Эндокринологический научный центр" МинЗдрав РФ  |d 2001 
215 |a 4 с. 
333 |a Аспирантура 
606 |a Медицина. Фармакология  |x Эндокринология и болезни обмена веществ  |2 local 
608 |a Статья  |2 local 
700 1 |a Карпов  |b Р.С.  |g Ростислав Сергеевич  |p Национальный медицинский исследовательский центр Кардиологии 
701 1 |a Кошельская  |b О.А.  |g Ольга Анатольевна  |p Национальный медицинский исследовательский центр Кардиологии 
701 1 |a Ефимова  |b Е.В. 
801 0 |a RU  |b Общество с ограниченной ответственностью «ЗНАНИУМ»  |c 20140808  |2 rusmarc 
856 4 |a znanium.com  |m ebs_support@infra-m.ru  |n НИЦ ИНФРА-М  |u https://znanium.com/catalog/document?id=198681 
856 4 1 |a znanium.com  |d /cover/0482  |f 482239.jpg  |q image/jpeg  |u https://znanium.com/cover/0482/482239.jpg